Terapia narrativa para niños (Registro nro. 70469)

Detalles MARC
000 -ENCABEZADO
Número de control [NR] 01219nam a2200301Ia 4500
005 - FECHA Y HORA DE LA ÚLTIMA TRANSACCIÓN
control field 20250915074418.0
008 - DE LONGITUD FIJA DE DATOS DE ELEMENTOS - INFORMACIÓN GENERAL
Elementos de longitud fija [NR] 131203s2001 sp a grn 001 0 spa
020 ## - NUMERO INTERNACIONAL NORMALIZADO PARA LIBROS [R]
Número Internacional Normalizado del libro [NR] 9788449310560
040 ## - FUENTE DE CATALOGACION [NR]
Agencia de catalogación original [NR] Co-BoUCM
Idioma de catalogación [NR] spa
Quien Cataloga Saul Niño (Modificó)
Quien Clasifica David Moreno (modificó)
041 00 - CODIGO DE IDIOMA [R]
Código de idioma para texto/pista de sonido o título separado [R] Español
060 ## - SIGNATURA TOPOGRAFICA DE LA BIBLIOTECA NACIONAL DE MEDICINA (NLM) [R]
Número clasificador [R] WS 105
100 1# - ASIENTO PRINCIPAL--NOMBRE PERSONAL [NR]
Nombre personal [NR] Freeman, Jennifer
ID Autoridad 51887
245 10 - MENCION DE TITULO [NR]
Título [NR] Terapia narrativa para niños
Parte restante del título [NR] aproximación a los conflictos familiares a través del juego
Mención de responsabilidad, etc. [NR] Jennifer Freeman, David Epston y Dean Lobovits ;traducción de Roc Filella Escola
260 ## - PUBLICACION, DISTRIBUCION, ETC. (PIE DE IMPRENTA) [R]
Lugar de publicación, distribución, etc. [R] Barcelona (España)
Nombre del editor, distribuidor, etc. [R] Paidós
Fecha de publicación, distribución, etc. [R] 2001
300 ## - DESCRIPCION FISICA [R]
Extensión [R] 430 Páginas
Otros detalles físicos [NR] ilustraciones
490 #0 - MENCION DE SERIE [R]
Mención de serie [R] Paidós Psicología Psiquiatría Psicoterapia
Designación numérica/secuencial del volumen [NR] 201
504 ## - NOTA DE BIBLIOGRAFIA, ETC. [R]
Nota de bibliografía, etc. [NR] Incluye referencias bibliográficas e índices
650 04 - ASIENTO SECUNDARIO DE MATERIA - TERMINO TEMATICO [R]
Término temático o nombre geográfico como elemento de entrada [NR] Fantasía
Subdivisión general [R] Uso terapéutico
9 (RLIN) 15560
650 04 - ASIENTO SECUNDARIO DE MATERIA - TERMINO TEMATICO [R]
Término temático o nombre geográfico como elemento de entrada [NR] Metáfora
Subdivisión general [R] Uso terapéutico
9 (RLIN) 19398
650 04 - ASIENTO SECUNDARIO DE MATERIA - TERMINO TEMATICO [R]
Término temático o nombre geográfico como elemento de entrada [NR] Psicoterapia familiar
9 (RLIN) 22885
650 04 - ASIENTO SECUNDARIO DE MATERIA - TERMINO TEMATICO [R]
Término temático o nombre geográfico como elemento de entrada [NR] Psicoterapia infantil
9 (RLIN) 22887
650 04 - ASIENTO SECUNDARIO DE MATERIA - TERMINO TEMATICO [R]
Término temático o nombre geográfico como elemento de entrada [NR] Psicoterapia
9 (RLIN) 22877
700 1# - ASIENTO SECUNDARIO - NOMBRE PERSONAL [R]
Nombre personal [NR] Epston, David
9 (RLIN) 51888
700 1# - ASIENTO SECUNDARIO - NOMBRE PERSONAL [R]
Nombre personal [NR] Escolà, Roc Filella
Término de relación [R] traductor
9 (RLIN) 51889
700 1# - ASIENTO SECUNDARIO - NOMBRE PERSONAL [R]
Nombre personal [NR] Lobovits, Dean
9 (RLIN) 51890
765 ## - ASIENTO DE IDIOMA ORIGINAL [R]
Título [NR] Playful approaches to serious problems.
942 ## - ELEMENTOS DE ENTRADA AGREGADOS (KOHA)
Sistema de clasificación NLM
Tema principal Psicología
Tipo de ítem principal el descrito en 300a Libro
Edición 1
Clasificación WS 105
Parte restante de la signatura top. F855t
Título oculto en OPAC No
Existencias
Fecha de último préstamo Total préstamos Signatura topográfica Código de barras Última vez visto Ejemplar Price effective from Tipo de ítem Nota pública (OPAC) Perdido Sistema de clasificación Dañado No prestable Tipo de ítem específico Suprimido Ubicación habitual Ubicación actual Localización Fecha de creación Forma de adquisición Costo Costo de reposición Proveedor Total Renewals
22/03/2012 2 WS 105 F855t 100111186 12/12/2025 Ej.1 03/02/2013 Libro Spot Psicología & Psiquiatría   NLM     Libro   Quinta de Mutis Quinta de Mutis 3er piso 28/02/2013 Compra 226600.00      
06/03/2015 2 WS 105 F855t 100137893 12/12/2025 Ej.2 17/10/2013 Libro Spot Psicología & Psiquiatría   NLM     Libro Retirado Quinta de Mutis Quinta de Mutis 3er piso 17/10/2013 Compra 68900.00 68900.00 15  
11/08/2020 3 WS 105 F855t 200029249 12/12/2025 Ej.3 04/05/2016 Libro Spot Psicología & Psiquiatría   NLM     Libro   Quinta de Mutis Quinta de Mutis 3er piso 04/05/2016 Compra 130082.00 130082.00 37 1